Statistics for Pokémon Category Elimination 4

Click here to take the quiz!

General Stats

  • This quiz has been taken 34 times
  • The average score is 10 of 20

Answer Stats

Category#CriteriaPokémon% Correct
Blue77Steel Type Pokémon
92%
Blue28That have a 4x weakness...
88%
Green135Pokémon introduced in Generation 3
88%
Green62That are pre-evolutionary forms
83%
White91Pokemon with 110 Base Speed or
higher (excluding mega forms)
79%
Blue12to Fighting type
75%
White54That are not Legendary/Mythical, Ultra Beast, or Paradox Pokémon
71%
Orange39Pokémon with the ability Keen Eye
71%
Blue5and is not Rock type
63%
White13Introduced in Gen 8 or 9
46%
White3and is Normal type
38%
Green2That is Normal type
33%
Green5That is catchable with only a 5% or less encounter rate
33%
Green1and evolves via Moon stoneSkitty
33%
Blue1and is an evolution caused by an
evolutionary stone
Sandslash
21%
Orange16That are not Flying type
17%
White1and has a typing unique to its'
evolutionary line
Grafaiai
17%
Orange8That are a final evolution or do not evolve
13%
Orange5That are Mono-typed
8%
Orange1and has evolution forms base on the time of dayLycanroc
8%

Score Distribution

Percentile by Number Answered

Percent of People with Each Score

Your Score History

You have not taken this quiz